|
|
|
|
| LEADER |
00000nam0a2200000 4500 |
| 001 |
67524 |
| 005 |
20231031073619.0 |
| 010 |
|
|
|a 5710771538
|
| 035 |
|
|
|a (RuTPU)RU\TPU\book\71892
|
| 090 |
|
|
|a 67524
|
| 100 |
|
|
|a 20040916d2003 m y0rusy50 ca
|
| 101 |
0 |
|
|a rus
|
| 102 |
|
|
|a RU
|
| 105 |
|
|
|a a j 001zy
|
| 200 |
1 |
|
|a Геоэкология и природопользование
|e учебник
|f Н. Н. Родзевич
|
| 210 |
|
|
|a Москва
|c Дрофа
|d 2003
|
| 215 |
|
|
|a 256 с.
|c ил.
|
| 225 |
1 |
|
|a Высшее педагогическое образование
|
| 320 |
|
|
|a Библиогр.: с. 255-256.
|
| 610 |
1 |
|
|a геоэкология
|
| 610 |
1 |
|
|a природопользование
|
| 610 |
1 |
|
|a учебники
|
| 610 |
1 |
|
|a добывающая промышленность
|
| 610 |
1 |
|
|a растительные ресурсы
|
| 610 |
1 |
|
|a животные
|
| 610 |
1 |
|
|a охрана
|
| 610 |
1 |
|
|a использование
|
| 610 |
1 |
|
|a сельскохозяйственное производство
|
| 610 |
1 |
|
|a оптимизация
|
| 610 |
1 |
|
|a энергетика
|
| 610 |
1 |
|
|a обрабатывающая промышленность
|
| 610 |
1 |
|
|a окружающая среда
|
| 610 |
1 |
|
|a транспорт
|
| 610 |
1 |
|
|a урбанизированные территории
|
| 610 |
1 |
|
|a рекреационное природопользование
|
| 610 |
1 |
|
|a рациональное природопользование
|
| 610 |
1 |
|
|a геоэкологические проблемы
|
| 610 |
1 |
|
|a милитаризм
|
| 610 |
1 |
|
|a Россия
|
| 610 |
1 |
|
|a экологическое образование
|
| 610 |
1 |
|
|a экология
|
| 675 |
|
|
|a 55:502.4(075.8)
|v 3
|
| 675 |
|
|
|a 504.062(075.8)
|v 3
|
| 700 |
|
1 |
|a Родзевич
|b Н. Н.
|g Николай Николаевич
|
| 801 |
|
1 |
|a RU
|b 63413507
|c 20040916
|g PSBO
|
| 801 |
|
2 |
|a RU
|b 63413507
|c 20200907
|g PSBO
|
| 900 |
|
|
|a Геоэкология
|
| 942 |
|
|
|c BK
|
| 952 |
|
|
|a 511400
|b 012500
|
| 959 |
|
|
|a 118/20040908
|d 2
|e 83,71
|f АНЛ:1
|f ЧЗТЛ:1
|